000
00330 a2200109 4500
020
_a
9788183619639
100
_a
Periyar E. V. Ramasamy
245
_a
Jati vyavastha aur pitrisatta(जाती-व्यवस्था और पितृसत्ता)
250
_a
2nd
260
_b
Radhakrishna prakashan
_c
2022
942
_c
OO
999
_c
116309
_d
116308